Statistics for Dark Souls II Bosses

Click here to take the quiz!

General Stats

  • This quiz has been taken 671 times
  • The average score is 27 of 41

Answer Stats

HintAnswer% Correct
Forest of Fallen GiantsLast Giant
95%
Heide's Tower of FlameDragonrider
90%
Cathedral of BlueOld Dragonslayer
90%
Iron KeepOld Iron King
87%
Sinner's RiseLost Sinner
85%
Forest of Fallen GiantsPursuer
84%
Belfry LunaBelfry Gargoyles
83%
Iron KeepSmelter Demon
80%
Black GulchThe Rotten
79%
No-Man's WharfFlexile Sentry
75%
Throne of WantNashandra
74%
Dragon ShrineAncient Dragon
73%
Undead CryptVendrick
73%
Throne of WantAldia, Scholar of the First Sin
72%
Shrine of AmanaDemon of Song
72%
Lost BastilleRuin Sentinels
72%
Throne of WantThrone Watcher & Throne Defender
71%
Grave of SaintsRoyal Rat Vanguard
69%
Doors of PharrosRoyal Rat Authority
68%
Brume TowerFume Knight
67%
Memory of JeighGiant Lord
67%
Drangleic CastleDragonriders
66%
Huntsman's CopseSkeleton Lords
66%
Brightstone Cove TseldoraDuke's Dear Freja
65%
Undead CryptVelstadt, the Royal Aegis
64%
The Old ChaosBurnt Ivory King
63%
King's PassageLooking Glass Knight
63%
Earthen PeakCovetous Demon
60%
Undead PurgatoryExecutioner's Chariot
59%
Dark Chasm of OldDarklurker
57%
Aldia's KeepGuardian Dragon
56%
Shaded WoodsScorpioness Najka
56%
Memory of the Old Iron KingSir Alonne
56%
Iron PassageAged Smelter Demon
55%
Earthen PeakMytha, the Baneful Queen
55%
Dragon's RestSinh, the Slumbering Dragon
50%
Brightstone Cove TseldoraProwling Magus & Congregation
49%
Frozen Eleum LoyceAava, the King's Pet
47%
Frigid OutskirtsLudd, the King's Pet & Zallen, the King's Pet
43%
Cave of the DeadAfflicted Graverobber, Ancient Soldier Varg & Cerah the Old Explorer
41%
Dragon's RestElana, Squalid Queen
39%

Score Distribution

Percentile by Number Answered

Percent of People with Each Score

Your Score History

You have not taken this quiz